00475nam a2200169Ia 4500003000400000005001700004008004000021020001500061040000700076041000800083082001500091100001500106245006600121260003400187300000900221650007500230OSt20251210095318.0210210b1992 xxu||||| |||| 00| 0 eng d a8171880185 cAL aeng a820.9 PATP aPathak R S aProfiles in literary courageb: studies in english literature aNDbAcademic Foundationc1992 a192p aWilliam Wordsworth Oscar Wilde Lawrence D H Eliot T S Somerset Maugham